| 000 | 00703nam a22001937a 4500 | ||
|---|---|---|---|
| 999 |
_c187630 _d187630 |
||
| 005 | 20220426144313.0 | ||
| 010 | _aUR-11527 | ||
| 020 |
_c250.00 _a- |
||
| 035 | _aU-10082 | ||
| 037 |
_bDBAD/PUB _a- |
||
| 082 |
_a270.920 _2Ist |
||
| 100 | _aقا ضی ا سد ثنا ئ | ||
| 245 |
_aطنز و مز ا ح نگا ر ی ميں فکر تو نسو ی کا حصہ _c ر ضو ا نہ بيگم _hا ر د و |
||
| 246 |
_bKhutbath-e-Ansaar (Urdu) _aby Rizwana Begum |
||
| 260 |
_aHyderabad _bAl-Ansar Publications _c2021 ء |
||
| 270 |
_a18-8-253/36A,Jamal Colony, Riasat Nagar, _bHyderabad _e59 _k09391301192 _l- |
||
| 300 |
_a208 ص _c22 Cm(Hb) |
||
| 942 |
_2ddc _cUR _h270.920 _mا س د |
||